书目信息 |
| 题名: |
琼崖春秋
|
|
| 作者: | 吴亚荣 , 陈鸿远 著 | |
| 分册: | 下 | |
| 出版信息: | 北京 中国文史出版社 2022.05 |
|
| 页数: | 450-978页 | |
| 开本: | 24cm | |
| 丛书名: | ||
| 单 册: | ||
| 中图分类: | I247.51 | |
| 科图分类: | ||
| 主题词: | 革命斗争小说--ge ming dou zheng xiao shuo--中国--当代 , 长篇小说--chang pian xiao shuo--中国--当代 | |
| 电子资源: | ||
| ISBN: | 978-7-5205-2765-1 | |
| 000 | 01134nam0 2200241 450 | |
| 001 | 011025153421 | |
| 005 | 20221025153421.0 | |
| 010 | @a978-7-5205-2765-1@dCNY49.00 | |
| 100 | @a20201004d2022 em y0chiy0120 ea | |
| 101 | 0 | @achi |
| 102 | @aCN@b110000 | |
| 105 | @ay z 000ay | |
| 106 | @ar | |
| 200 | 1 | @a琼崖春秋@Aqiong ya chun qiu@h下@f吴亚荣, 陈鸿远著 |
| 210 | @a北京@c中国文史出版社@d2022.05 | |
| 215 | @a450-978页@d24cm | |
| 330 | @a《琼崖春秋(上下册)》是描写海南解放过程的小说。全书共分为八十回,书史料丰富,人物众多,真实而客观地记叙了琼崖革命发生、发展、壮大的过程,形象而生动地再现了革命先烈及琼崖人民不畏艰难困苦、不怕流血牺牲、前赴后继,高举革命红旗,团结战斗的历史画卷,是一部进行革命传统教育和爱国主义教育的红色读物。本书的出版,会更加坚定广大干部群众的共产主义信念,激励人们继续发扬革命的光荣传统,为建设美丽中国、美丽海南做出积极贡献。 | |
| 606 | 0 | @a革命斗争小说@Age ming dou zheng xiao shuo@y中国@z当代 |
| 606 | 0 | @a长篇小说@Achang pian xiao shuo@y中国@z当代 |
| 690 | @aI247.51@v5 | |
| 701 | 0 | @a吴亚荣@Awu ya rong@4著 |
| 701 | 0 | @a陈鸿远@Achen hong yuan@4著 |
| 905 | @a河南城建学院图书馆@dI247.51@eW9051 | |
| 琼崖春秋.下/吴亚荣, 陈鸿远著.-北京:中国文史出版社,2022.05 |
| 450-978页;24cm |
| ISBN 978-7-5205-2765-1:CNY49.00 |
| 《琼崖春秋(上下册)》是描写海南解放过程的小说。全书共分为八十回,书史料丰富,人物众多,真实而客观地记叙了琼崖革命发生、发展、壮大的过程,形象而生动地再现了革命先烈及琼崖人民不畏艰难困苦、不怕流血牺牲、前赴后继,高举革命红旗,团结战斗的历史画卷,是一部进行革命传统教育和爱国主义教育的红色读物。本书的出版,会更加坚定广大干部群众的共产主义信念,激励人们继续发扬革命的光荣传统,为建设美丽中国、美丽海南做出积极贡献。 |
| ● |
| 相关链接 |
|
|
|
正题名:琼崖春秋
索取号:I247.51/W9051
 
预约/预借
| 序号 | 登录号 | 条形码 | 馆藏地/架位号 | 状态 | 备注 |
| 1 | 1588028 | 215880287 | 文学库108/108文学库 42排10列1层/ [索取号:I247.51/W9051] | 在馆 | |
| 2 | 1588029 | 215880296 | 文学库108/108文学库 42排10列1层/ [索取号:I247.51/W9051] | 在馆 |